Boyce v Rendells (Record no. 18566)

MARC details
000 -LEADER
fixed length control field 01072cab a2200241 4500
001 - CONTROL NUMBER
control field A188
008 - FIXED-LENGTH DATA ELEMENTS--GENERAL INFORMATION
fixed length control field 090401t1983 xxu||||| |||| 00| 0 eng d
035 ## - SYSTEM CONTROL NUMBER
System control number (Sirsi) u27575
041 ## - LANGUAGE CODE
Language code of text/sound track or separate title eng
245 ## - TITLE STATEMENT
Title Boyce v Rendells
260 ## - PUBLICATION, DISTRIBUTION, ETC.
Date of publication, distribution, etc. 1983
350 ## - PRICE (NR) (BK AM CF MU VM SE) [OBSOLETE]
Price 0
490 ## - SERIES STATEMENT
Series statement Chartered Surveyor Weekly
Volume/sequential designation 4(12) 22 September 1983, 596-7(2)
490 ## - SERIES STATEMENT
Series statement Estates Gazette
Volume/sequential designation 268 EG 15 October 1983, 268-274(6)
520 ## - SUMMARY, ETC.
Summary, etc. CA 6 July 1983. Land agents succeed in appeal against decision of Bristow J finding them liable for negligence - alleged negligence consisted of a failure to prevent, or to warn landowner of the risk of, agreements intended by the owner to be for grazing only giving rise, by virtue of Agricultural Holdings Act 1948 s2(1), to a fully protected agricultural tenancy from year to year.
650 ## - SUBJECT ADDED ENTRY--TOPICAL TERM
Topical term or geographic name entry element PROPERTY-LANDLORD AND TENANT-TENANCIES-AGRICULTURAL TENANCIES
650 ## - SUBJECT ADDED ENTRY--TOPICAL TERM
Topical term or geographic name entry element LAND AGENTS
650 ## - SUBJECT ADDED ENTRY--TOPICAL TERM
Topical term or geographic name entry element NEGLIGENCE
690 ## - LOCAL SUBJECT ADDED ENTRY--TOPICAL TERM (OCLC, RLIN)
Topical term or geographic name as entry element MANAGEMENT-BUSINESS MANAGEMENT-PROFESSIONAL PRACTICE
690 ## - LOCAL SUBJECT ADDED ENTRY--TOPICAL TERM (OCLC, RLIN)
Topical term or geographic name as entry element RURAL PRACTICE
942 ## - ADDED ENTRY ELEMENTS (KOHA)
Suppress in OPAC 0
948 ## - LOCAL PROCESSING INFORMATION (OCLC); SERIES PART DESIGNATOR (RLIN)
c (OCLC) 04/03/1997
Holdings
Withdrawn status Lost status Source of classification or shelving scheme Damaged status Not for loan Home library Current library Shelving location Date acquired Total Checkouts Full call number Barcode Date last seen Copy number Price effective from Koha item type
    Dewey Decimal Classification     London London Journal article 14/09/1999   A188 27575-1001 06/08/2019 1 06/08/2019 Law report